| 000 | 00599nam a22001457a 4500 | ||
|---|---|---|---|
| 020 | _a0-590-43942-1 | ||
| 082 |
_a823 _bKLI/H |
||
| 100 | _aKLINE, SUZY | ||
| 245 | _aHORRIBLEW HARRY IN ROOM 2B | ||
| 260 |
_aUSA _bPENGUIN BOOKS _c1990 |
||
| 300 | _a56 | ||
| 520 | _aHorrible Harry in room 2B is a book about about a naughty second grader who likes to play tricks on people and get into trouble. It is told through the perspective of his best friend Doug, who thinks what Harry does is horrible but tries to see the best in him even though sometimes it is hard. | ||
| 650 | _aSHORT STORY | ||
| 942 | _cBK | ||
| 999 |
_c5969 _d5969 |
||